Mexican Food By Image Quiz Stats

Quiz Updated Sep 27, 2016

Also try: The Mexico Quiz
Challenge
Share
Tweet
Score 0/24 Timer 08:00
3 Plays Today
Column % Correct
Tacos
95.3%
Guacamole
87.6%
Tortillas
85.7%
Churros
79.7%
Enchiladas
79.3%
Frijoles refritos
67.8%
Quesadillas
65.5%
Tamales
64.5%
Pico de gallo
58.5%
Mole poblano
45.1%
Carnitas
36.8%
Tostada de pata
32.8%
Column % Correct
Burrito
30.1%
Chilaquiles
27.5%
Arroz con leche
26.5%
Cemitas
25.1%
Panela
24.4%
Cajeta
24.2%
Huevos Rancheros
23.5%
Chiles rellenos
23.3%
Menudo
20.9%
Flautas
20.6%
Pan dulce
17.8%
Pan de muerto
10.3%

You're not logged in!

Compare scores with friends on all Sporcle quizzes.
Sign Up with Email
OR
Log In

You Might Also Like...

Show Comments

Extras

Top Quizzes Today


Score Distribution

Your Account Isn't Verified!

In order to create a playlist on Sporcle, you need to verify the email address you used during registration. Go to your Sporcle Settings to finish the process.